000 01292nam2a22002411 4500
001 rc\637619
005 20250621222137.0
035 _a(NLR Aleph) 005951249
090 _a6766671
_c6766671
100 _a20031121d1986 |||y0rusy50 ca
101 0 _arus
102 _aRU
105 _ay |||||||||
200 0 _a... за 1985-1986 гг. (первое полугодие)
_f[Составитель Новикова С.А.]
210 _d1986
_aБ. м.
215 _a44, [1] с.
461 0 _1001rc\637618
_12001#$aОрошение земель$e(Проф.-произв. библиогр. указ. пат. лит. СССР...)$fКаз. НИИ НТИ и техн.-экон. исслед., Респ. науч.-техн. б-ка КазССР$v... за 1985-1986 гг. (первое полугодие)
_96766666
_cАлма-Ата
_d1986
_fКаз. НИИ НТИ и техн.-экон. исслед., Респ. науч.-техн. б-ка КазССР
_nБ. и.
_o(Проф.-произв. библиогр. указ. пат. лит. СССР...)
_tОрошение земель
_v... за 1985-1986 гг. (первое полугодие)
702 1 _aНовикова
_bС.А.
_4220
801 0 _aRU
_bNLR
_gpsbo
801 1 _aRU
_bELAR
_2rusmarc
852 _aNLR
_bПт
_j10.21/131
942 _cBOOK
980 _aNB